La pharsale /

Guardado en:
Autor Principal: Lucano, Marco A.
Formato: Libro
Publicado: Paris : Garnier Freres, 0
Materias:
Etiquetas: Agregar Etiqueta
Sin Etiquetas, Sea el primero en etiquetar este registro!
LEADER 00449nam a22001575a 4500
001 EHU.bham018313
003 AR-BHAM
005 20101103170644.0
008 130507b######################000#0#####d
082 8 7 |a 873 
100 1 |a Lucano, Marco A. 
245 1 0 |a La pharsale /  |c Marco A. Lucano 
260 |a Paris :  |b Garnier Freres, 0 
300 |a 439 p. 
653 |a Poesia latina epica 
859 |a AR-BHAM  |b BIB. HUMANIDADES - Arturo Marasso  |h 873  |i L963-2  |p 233.57  |t Ej.1  |v M